Famous Replacements II Quiz Stats

Quiz Updated Mar 8, 2013

Challenge
Share
Tweet
Embed
Score 0/20 Timer 03:00
1 Play Today
% Correct
United Nations
96.1%
Istanbul
92.4%
Daniel Craig
92%
Jefferson Starship
91.6%
King George VI
88.4%
Konstantin Chernenko
83.9%
William Howard Taft
83.9%
Linus
83.4%
Pierce Brosnan
80.3%
Dan Rather
79.5%
% Correct
Yuri Andropov
74%
Gerald Ford
73%
Jeff Beck
70.5%
King Edward VIII
69.4%
Teddy Roosevelt
69%
Bob Schieffer
66.8%
Roger Goodell
65.4%
Harrison Ford
65.3%
David Prowse
50.1%
Hayden Christensen
43.4%

You're not logged in!

Compare scores with friends on all Sporcle quizzes.
Join for Free
OR
Log In

You Might Also Like...

Show Comments

Extras

Top Quizzes Today


Score Distribution

Your Account Isn't Verified!

In order to create a playlist on Sporcle, you need to verify the email address you used during registration. Go to your Sporcle Settings to finish the process.

Report this User

Report this user for behavior that violates our Community Guidelines.

Details: